000 00215nam a2200085Ia 4500
245 0 _aThe final act
100 _a GREEN, Hilary London, 2009
_984626
942 _cBK
008 210817s9999 xx 000 0 und d
999 _c310923
_d310922